[Event "Pelotas Gaucho op"]
[Site "Pelotas"]
[Date "2023.10.12"]
[Round "2"]
[White "De Lima, Rafael Peter"]
[Black "Borges, Pedro Guimaraes"]
[Result "1-0"]
[WhiteElo "1809"]
[BlackElo "1760"]
[PlyCount "31"]
[EventDate "2023.10.12"]
[EventType "swiss"]
[EventRounds "7"]
[EventCountry "BRA"]
[SourceTitle "CBM 216 Extra"]
[Source "ChessBase"]
[SourceDate "2023.11.30"]
[SourceVersion "1"]
[SourceVersionDate "2023.11.30"]
[SourceQuality "1"]

1. d4 d5 2. c4 e6 3. Nf3 Nf6 4. g3 Ne4 5. Bg2 Bb4+ 6. Bd2 Bxd2+ 7. Nbxd2 Ng5 8. 0-0 Nxf3+ 9. Nxf3 0-0 10. Qc2 g6 11. Rac1 c6 12. Qd2 a6 13. Qh6 Nd7 14. Ng5 Nf6 15. Rc3 dxc4 16. Rf3 1-0